000 00732nam a2200241 i 4500
001 11569
003 ES-MaACL
005 20250729063147.0
007 t|
008 920324s1994 sp a |||| | spa d
020 _a84-7764-295-8
080 _a75:069(460.27 M.)
100 1 _aPérez Sánchez, Alfonso E.,
_d1935-2010
_9240883
245 1 0 _aMuseo del Prado /
_cAlfonso E. Pérez Sánchez.
260 _aBarcelona :
_bOcéano,
_c[1994]
300 _a238 p :
_bprincipalmente il. col. ;
_c31 cm.
490 1 _aGrandes museos del mundo
504 _aÍndice.
610 2 4 _aMuseo Nacional del Prado.
_9160001
830 0 _aGrandes museos del mundo
_9179157
852 _aES-MaACL
_jL-18889
999 _c11569
_d11569